Top 10 Most Popular Cities in Canada to Visit - Statistics

General Stats
  • This quiz has been taken 790 times
  • The average score is 8 of 10
Answer Stats
Answer % Correct
1 Toronto
99%
2 Vancouver
97%
3 Montreal
96%
8 Calgary
90%
10 Edmonton
89%
7 Quebec City
89%
9 Ottawa
88%
6 Halifax
76%
5 Victoria
69%
4 Niagara Falls
47%
No matching quizzes found
Score Distribution
Percent of People with Each Score
Percentile by Number Answered
Your Score History
You have not taken this quiz